|
|
|
|
| LEADER |
00000nab a2200000uu 4500 |
| 001 |
vtls010895228 |
| 003 |
SK-MaSNL |
| 005 |
20260303142139.0 |
| 008 |
230222|1970 xo |||||||||||||||||cze| |
| 015 |
|
|
|a SNBRB
|
| 035 |
|
|
|a (urnnbn)urn:nbn:sk:snk:ar-006hum
|
| 035 |
|
|
|a (uuid)ae017092-ed28-44d6-a1e3-22e048025fef
|
| 035 |
|
|
|a urn:nbn:sk:snk-ab8o68
|
| 040 |
|
|
|a SNKBUCL
|b slo
|c SNKBUCL
|e AACR2
|
| 041 |
0 |
|
|a cze
|
| 044 |
|
|
|a xo
|c SK
|
| 100 |
1 |
|
|a Sobotka, Zdeněk
|4 aut
|9 367680
|
| 245 |
1 |
0 |
|a KVADRATICKÁ PODMÍNKA A KŘIVKY PLASTICITY A PEVNOSTI PŘI RŮZNÝCH MECHANICKÝCH VLASTNOSTECH V TAHU A V TLAKU
|c Zdeněk Sobotka
|
| 773 |
0 |
|
|t Stavebnícky časopis : mesačník pre teoretické problémy stavebných látok a konštrukcií
|g Roč. 18, č. 7 (1970), s. 523-541
|
| 958 |
|
|
|a OND
|
| 958 |
|
|
|a EUIPO
|
| 958 |
|
|
|a article10
|
| 999 |
|
|
|c 1981018
|d 1982948
|